|
|
|
|
| LEADER |
02308cam a2200589 a 4500 |
| 001 |
nkc20071704947 |
| 003 |
CZ PrNK |
| 005 |
20070425171833.0 |
| 007 |
ta |
| 008 |
061228s2006 xr a c f 001 0 cze d |
| 015 |
|
|
|a cnb001704947
|
| 020 |
|
|
|a 80-7352-583-6
|q (váz.)
|z 80-7352-283-7
|
| 040 |
|
|
|a KLG001
|b cze
|d BOA001
|
| 041 |
1 |
|
|a cze
|h eng
|
| 072 |
|
7 |
|a 72/76
|x Výtvarné umění
|2 Konspekt
|9 21
|
| 072 |
|
7 |
|a 0/9-053.2
|x Literatura pro děti a mládež (naučná)
|2 Konspekt
|9 26
|
| 080 |
|
|
|a 72/76.02
|2 MRF
|
| 080 |
|
|
|a 745
|2 MRF
|
| 080 |
|
|
|a 7.04
|2 MRF
|
| 080 |
|
|
|a (035)
|2 MRF
|
| 080 |
|
|
|a (084.11)
|2 MRF
|
| 080 |
|
|
|a (0.053.2)
|2 MRF
|
| 100 |
1 |
|
|a Watt, Fiona,
|d 1960-
|7 ola20040302008
|4 aut
|
| 245 |
1 |
0 |
|a Velká kniha výtvarných nápadů pro šikovné děti /
|c Fiona Wattová ; uspořádaly Amanda Barlowová a Non Figgová ; ilustrovali Amanda Barlowová ... [et al.]
|
| 250 |
|
|
|a 1. české vyd.
|
| 260 |
|
|
|a Praha :
|b Svojtka & Co.,
|c 2006
|
| 300 |
|
|
|a 192 s. :
|b barev. il. ;
|c 32 cm
|
| 500 |
|
|
|a Přeloženo z angličtiny
|
| 500 |
|
|
|a Obálkový podnázev: více než 280 nápadů, jak si vyzkoušet výtvarné prostředky
|
| 500 |
|
|
|a Obsahuje rejstřík
|
| 650 |
0 |
7 |
|a výtvarné techniky
|7 ph127468
|2 czenas
|
| 650 |
0 |
7 |
|a výtvarné práce
|7 ph127466
|2 czenas
|
| 650 |
0 |
7 |
|a náměty, témata a motivy
|7 ph138485
|2 czenas
|
| 650 |
0 |
9 |
|a artistic techniques
|2 eczenas
|
| 650 |
0 |
9 |
|a handicraft
|2 eczenas
|
| 650 |
0 |
9 |
|a themes and motives
|2 eczenas
|
| 655 |
|
7 |
|a příručky
|7 fd133209
|2 czenas
|
| 655 |
|
7 |
|a obrazové publikace
|7 fd132947
|2 czenas
|
| 655 |
|
7 |
|a publikace pro děti
|7 fd133156
|2 czenas
|
| 655 |
|
9 |
|a handbooks and manuals
|2 eczenas
|
| 655 |
|
9 |
|a pictorial works
|2 eczenas
|
| 655 |
|
9 |
|a children's literature
|2 eczenas
|
| 655 |
9 |
7 |
|a ilustrované publikace
|7 fd367467
|2 czenas
|
| 700 |
1 |
|
|a Barlow, Amanda
|7 ola2004219941
|4 com
|4 ill
|
| 700 |
1 |
|
|a Figg, Non
|7 xx0039542
|4 com
|
| 765 |
0 |
|
|t Usborne complete book of art ideas
|9 Česky
|
| 856 |
4 |
1 |
|u http://www.digitalniknihovna.cz/mzk/uuid/uuid:0db5bd30-37a3-11e6-a5c5-005056827e51
|y Digitalizovaný dokument
|x NDK
|
| 910 |
2 |
|
|a BOA001
|b 4-1180.860
|
| 990 |
|
|
|a BK
|
| 995 |
|
|
|a 01
|
| 991 |
|
|
|b 200702
|c NOV
|
| 996 |
6 |
|
|b 2610301360
|c 4-1180.860
|l MZK
|r Sklad / do 1 hodiny
|n 5
|p p.v.
|w 000840556
|u 000010
|a 1
|e BOA001
|j MZK50
|s P
|